000 00490nam a2200181Ia 4500
008 240729s9999 xx 000 0 und d
022 _a2336-4920
245 0 _aActa Gymnica
260 _aCzechia
260 _bPalacký University Olomouc
650 _a Internal medicine
650 _a Special situations and conditions
650 _a Sports medicine
650 _aMedicine
856 _uhttps://doaj.org/toc/3b83ed307076445bafbe12257afc7c45
942 _2ddc
942 _cDOAJEJ
999 _c73060
_d73060
945 _a1
_bMadushi Gamage
_c1
_dMadushi Gamage